Book of IQ tests book 4 (Record no. 190624)

MARC details
000 -LEADER
fixed length control field 00409nam a2200157Ia 4500
005 - DATE AND TIME OF LATEST TRANSACTION
control field 20250228114455.0
008 - FIXED-LENGTH DATA ELEMENTS--GENERAL INFORMATION
fixed length control field 231217s9999 xx 000 0 und d
020 ## - INTERNATIONAL STANDARD BOOK NUMBER
International Standard Book Number 9788175542792
082 ## - DEWEY DECIMAL CLASSIFICATION NUMBER
Classification number 793.73 RUS.4;1 R
100 ## - MAIN ENTRY--PERSONAL NAME
Personal name Russell, Ken ed. Carter, Philip.
245 #0 - TITLE STATEMENT
Title Book of IQ tests book 4
260 ## - PUBLICATION, DISTRIBUTION, ETC. (IMPRINT)
Date of publication, distribution, etc. 2004
Name of publisher, distributor, etc. Kogan Page
Place of publication, distribution, etc. New Delhi
300 ## - PHYSICAL DESCRIPTION
Extent 180
650 ## - SUBJECT ADDED ENTRY--TOPICAL TERM
Topical term or geographic name as entry element Times,IQ,tests,4
942 ## - ADDED ENTRY ELEMENTS (KOHA)
Koha item type Books
Holdings
Date last seen Total Checkouts Full call number Accession number Old discount Cost, replacement price Price effective from Category Lost status Damaged status Department Withdrawn status bill no. bill date Permanent Location Current Location Shelving location Entry date Vendor Cost, normal purchase price Grants Currency symbol Conversion rate Discount Discount type
26/01/2024   793.73 RUS.4;1 R 76170 20 120.00 26/01/2024 Books     Central Library   SIPHO/2010/CRB/466 19/04/2017 Central Library Central Library Central Library 30/12/2010 Surya Infotainment Products Pvt. Ltd. 150.00 MBA RS 1 30 Rupees

© For any Suggestions or Query, please contact the library staff @ librarian@pes.edu or Phone: +9180 2672 1983/ 2108.